01291nam a22003377a 4500003000500000005001700005008004100022010001100063011001100074035001100085040000900096090001000105100003500115245014500150260004000295300002000335502005200355590003700407590004100444590004100485590004100526590004200567650004000609650003200649650002200681901000700703942001000710949006900720999001900789952014500808CHAP20220329143844.0120223s1980 mx r 00010 spa d a102827 a103799 a114488 cCHAP aTesis00aOrtiz Olguín, Miguel.98403710aAridisoles de illescas, mun. de Santo Domingo, S.L.P., y sus relaciones con Phaseolus vulgaris Var. Flor de mayoc/por Miguel Ortiz Olguín aChapingo, Méx. :bEl autor,c1980 a127 h. :bilus. aTesis (Biólogo) -- UNAM. Facultad de Ciencias aALEPHb10c20130110lUCH01h1544 aBATCH-UPDb10c20130110lUCH01h1413 aBATCH-UPDb10c20130410lUCH01h0859 aBATCH-UPDb10c20130914lUCH01h1124 aCONVERSIONb10c20130109lUCH01h135714aCultivosxSan Luis Potosí.93032414aFrijol flor de mayo.94346814aPhaseolus.987769 aBK cTESIS aTesisbBCcTESd33724002325975eTS1gDonaciØnh53373i114488sb c102827d102827 00102local4051708TESISaBCbBCcPA_TESISd2019-12-31eDonacionfTESISl0oTesisp33724002325975r2019-12-31 00:00:00w2019-12-31yTESIS